000 00523nam a2200217Ia 4500
003 OSt
005 20220924133417.0
006 a|||||r|||| 00| 0
007 ta
008 220923b |||||||| |||| 00| 0 snd d
024 _a265178
037 _cTextual
040 _aARTS
_cARTS
_bsnd
041 _2snd
_asnd
082 _aO157:3N10:1, 1593K4
100 _aGhosh
_9104906
245 0 _aSujata
260 _c1964
942 _hO157:3N10:1, 1593K4
_cTEXL
_2CC
999 _c433720
_d433720